Normal view
MARC view
Entry Topical Term
001 - CONTROL NUMBER
- control field: 28366
003 - CONTROL NUMBER IDENTIFIER
- control field: ARRUPE
005 - DATE AND TIME OF LATEST TRANSACTION
- control field: 20170116083638.0
008 - FIXED-LENGTH DATA ELEMENTS
- fixed length control field: 170116|| aca||aabn | a|a d
040 ## - CATALOGING SOURCE
- Original cataloging agency: ARRUPE
- Transcribing agency: ARRUPE
150 ## - HEADING--TOPICAL TERM
- Topical term or geographic name as entry element: BIBLE OT. Song of Solomon
- General subdivision: Commentaries
670 ## - SOURCE DATA FOUND
- Source citation: Work cat.: (ARRUPE)28491: Pope, Marvin H. 28364, Song of Songs, 1977